| 000 | 00665nam a22002177a 4500 | ||
|---|---|---|---|
| 008 | 140324t sp ||||| |||| 00| 0 spa d | ||
| 020 | _a9788483719763 | ||
| 050 | 0 | 4 |
_aN72 _bC78 2010 |
| 100 | 1 | _aCruz Fernández, Pedro Alberto | |
| 245 | 1 | 0 |
_aArte e irreflexión / _cPedro Alberto Cruz Fernández ; Prólogo de Antonio Parra |
| 250 | _a1a ed. | ||
| 260 |
_aEspaña : _bUniversidad de Murcia, _c2010 |
||
| 300 |
_a115 p. ; _c23 cm. |
||
| 440 | 0 |
_aEditum. _pEnsayo |
|
| 504 | _aincluye indice | ||
| 650 | 4 |
_aArte _xFilosofía |
|
| 650 | 4 | _aArte y sociedad | |
| 700 | 1 |
_aParra, Antonio, _qprolog. |
|
| 710 | 2 | _aUniversidad de Murcia | |
| 942 |
_2lcc _cLIB |
||
| 999 |
_c50600 _d50600 |
||